01259 am a2200349ua 4500999001700000001001000017003000900027005001700036008004100053020001500094020001800109040003100127082002100158100005200179245009000231250004300321264004900364264001000413300004700423336002600470337002800496338002700524490003400551500002400585504005100609650002700660650003100687653002400718655002400742942001200766952013100778 c28904d28875011482224EG-ScBUE20201012132528.0030620t2003 nyua f b 001 0 eng d a0824741293 a9780824741297 aUkbengerdacUkdEG-ScBUE04a621.833bSMI2221 aSmith, J. Derekq(James Derek),d1934-eauthor.10aGear noise and vibration /cJ. Derek Smith, Cambridge University, Cambridge, England. aSecond edition.brevised and expanded. 1aNew York, NY :bMarcel Dekker, Inc.,c[2003] 4cc2003 axiii, 297 pages :billustrations ;c23 cm. atext2rdacontentbtxt aunmediated2rdamediabn avolume2rdacarrierbnc1 aMechanical engineering ;v157 aPrevious ed.: 1999. aIncludes bibliographical references and index. 7aGearingxNoise.2BUEsh 7aGearingxVibration.2BUEsh bENGGENcOctober2020 vReading book934232 2ddccBB 00102ddc40708BaccahaMAINbMAINc1STd2020-10-12ePurchasel0o621.833 SMIp000049959r2025-07-15 00:00:00w2020-10-12yBB